Administrative Law (Record no. 542329)

000 -LEADER
fixed length control field 00442nam a22001577a 4500
020 ## - INTERNATIONAL STANDARD BOOK NUMBER
International Standard Book Number 0195674774
082 ## - DEWEY DECIMAL CLASSIFICATION NUMBER
Classification number 342.06
Author Mark WED
-- N, 01, P-155
245 ## - TITLE STATEMENT
Title Administrative Law
Statement of responsibility, etc. Wade, H.W.R
250 ## - EDITION STATEMENT
Edition statement 9th
260 ## - PUBLICATION, DISTRIBUTION, ETC.
Place of publication, distribution, etc. UK
Name of publisher, distributor, etc. Oxford university Press
Date of publication, distribution, etc. 2004
300 ## - PHYSICAL DESCRIPTION
Extent xciii, 1035 p. :
Other physical details ill, ;
Dimensions 20 cm.
526 ## - STUDY PROGRAM INFORMATION NOTE
Program name 0
Interest level 0
Reading level 0
Title point value 342_060000000000000_WED
526 ## - STUDY PROGRAM INFORMATION NOTE
Program name 0
Interest level 0
Reading level 0
Title point value 342_060000000000000_WED
650 ## - SUBJECT ADDED ENTRY--TOPICAL TERM
Topical term or geographic name entry element NUST
9 (RLIN) 6342
942 ## - ADDED ENTRY ELEMENTS (KOHA)
Source of classification or shelving scheme
Koha item type Book
Holdings
Withdrawn status Lost status Source of classification or shelving scheme Damaged status Not for loan Permanent Location Current Location Date acquired Total Checkouts Full call number Barcode Date last seen Copy number Price effective from Koha item type
          Military College of Engineering (MCE) Military College of Engineering (MCE) 10/10/2013   342.06 WED MCE-39015 10/10/2013 1 10/10/2013 Book
          Military College of Engineering (MCE) Military College of Engineering (MCE) 10/10/2013   342.06 WED MCE-39014 10/10/2013 2 10/10/2013 Book
© 2023 Central Library, National University of Sciences and Technology. All Rights Reserved.